Distribution par images - La Galette du roi - Statistiques

Statistiques générales
  • Ce quiz a été pris 19 fois
  • Le résultat moyen est 6 sur 9
Statistiques - réponses
Par images Hint Réponse % Correct
Jo Longo Eddy Mitchell
94%
Arnold III Jean Rochefort
94%
Utte de Danemark Jacques Villeret
89%
L'élégant Jean-Pierre Bacri
83%
Victor Harris Roger Hanin
61%
Lionel Costerman Claude Piéplu
50%
Maria-Helena Pauline Lafont
44%
Clermont Philippe Khorsand
44%
Jérémie Harris Christophe Bourseiller
22%
Aucun quiz correspondant
Distribution des résultats
% des personnes avec chaque résultat
Percentile par nombre de réponses
Votre historique - résultats
Vous n’avez pas pris ce quiz